| 000 | 00421nam a2200133Ia 4500 | ||
|---|---|---|---|
| 008 | 151015s9999 xx 000 0 und d | ||
| 020 | _a9.7807506594e+012 | ||
| 050 | _aHF 5415.13 .W547 2007 | ||
| 245 | _aRichard M.S. | ||
| 250 | _a_Strategic Marketing Management Planning, Implementation & Control / M.S. Richard | ||
| 500 | _aIncludes index | ||
| 650 | _a_Marketing Management | ||
| 700 | _a^d20120113 02:22:30^oanne | ||
| 999 |
_c3149 _d3149 |
||